000 00612nam a2200181Ia 4500
008 100921s9999 xx 000 0 und d
082 _b10085
_a920.71 थ 72
100 _aपारखे म.स.
245 _aजीवनाची वाटचाल.
260 _bमोंडकर ज.आ.पुणे.
_c1972
300 _a224
_b---
365 _b10
520 _aचरित्र्ेा-पुरूष.
630 _aजीवनाची वाटचाल.
650 _aचरित्र्ेा-पुरूष.
730 _aजीवनाची वाटचाल.
942 _cBOOK
999 _c759198
_d759195